[Event "ODJM A 2025"]
[Site "Willingen GER"]
[Date "2025.06.08"]
[Round "2"]
[White "Weidenhöfer, Max"]
[Black "Werner, Florin"]
[Result "1-0"]
[Termination "normal"]
[Board "5"]
[WhiteTitle "CM"]
[WhiteElo "2170"]
[BlackElo "1970"]
[WhiteClock "00:00:45"]
[BlackClock "00:17:02"]
[PlyCount "97"]
[WhiteFideId "16230566"]
[BlackFideId "16250230"]
[EventCountry "GER"]
[EventRounds "9"]
[EventType "swiss"]
[EventDate "2025.06.07"]

1. e4 {[%clk 01:30:56]} {[%emt 00:00:02]} e6 {[%clk 01:30:46]} {[%emt
00:00:15]} 2. d4 {[%clk 01:31:15]} {[%emt 00:00:11]} d5 {[%clk 01:31:11]}
{[%emt 00:00:05]} 3. exd5 {[%clk 01:31:33]} {[%emt 00:00:13]} exd5 {[%clk
01:31:35]} {[%emt 00:00:04]} 4. Bd3 {[%clk 01:31:00]} {[%emt 00:01:03]} Bd6
{[%clk 01:31:53]} {[%emt 00:00:12]} 5. Nc3 {[%clk 01:31:06]} {[%emt 00:00:24]}
c6 {[%clk 01:32:12]} {[%emt 00:00:10]} 6. Qf3 {[%clk 01:31:03]} {[%emt
00:00:35]} Ne7 {[%clk 01:28:28]} {[%emt 00:04:14]} 7. Nge2 {[%clk 01:22:43]}
{[%emt 00:08:48]} a5 {[%clk 01:22:05]} {[%emt 00:06:53]} 8. Be3 {[%clk
00:59:02]} {[%emt 00:24:11]} Na6 {[%clk 01:21:22]} {[%emt 00:01:14]} 9. a3
{[%clk 00:57:36]} {[%emt 00:01:56]} O-O {[%clk 01:15:29]} {[%emt 00:06:23]} 10.
Ng3 {[%clk 00:53:25]} {[%emt 00:04:41]} f5 {[%clk 01:11:26]} {[%emt 00:04:33]}
11. Nge2 {[%clk 00:38:48]} {[%emt 00:15:07]} Ng6 {[%clk 01:07:05]} {[%emt
00:04:50]} 12. g3 {[%clk 00:36:02]} {[%emt 00:03:17]} Qf6 {[%clk 01:01:04]}
{[%emt 00:06:31]} 13. Qh5 {[%clk 00:33:23]} {[%emt 00:03:08]} Bd7 {[%clk
00:56:50]} {[%emt 00:04:44]} 14. O-O {[%clk 00:30:28]} {[%emt 00:03:26]} Be8
{[%clk 00:46:53]} {[%emt 00:10:28]} 15. Qh3 {[%clk 00:30:36]} {[%emt 00:00:20]}
Bd7 {[%clk 00:46:35]} {[%emt 00:00:49]} 16. Qh5 {[%clk 00:30:42]} {[%emt
00:00:24]} Be8 {[%clk 00:43:09]} {[%emt 00:03:57]} 17. Bg5 {[%clk 00:29:42]}
{[%emt 00:01:29]} Qe6 {[%clk 00:41:34]} {[%emt 00:02:05]} 18. Qh3 {[%clk
00:29:14]} {[%emt 00:00:58]} h6 {[%clk 00:40:39]} {[%emt 00:01:25]} 19. Bd2
{[%clk 00:29:07]} {[%emt 00:00:38]} Qf6 {[%clk 00:40:22]} {[%emt 00:00:46]} 20.
f4 {[%clk 00:19:58]} {[%emt 00:09:39]} Nc7 {[%clk 00:36:31]} {[%emt 00:04:22]}
21. Na4 {[%clk 00:15:39]} {[%emt 00:04:50]} b5 {[%clk 00:34:00]} {[%emt
00:03:00]} 22. Nc5 {[%clk 00:12:48]} {[%emt 00:03:22]} Bxc5 {[%clk 00:32:38]}
{[%emt 00:01:51]} 23. dxc5 {[%clk 00:13:16]} {[%emt 00:00:01]} Ne6 {[%clk
00:32:41]} {[%emt 00:00:27]} 24. Be3 {[%clk 00:12:20]} {[%emt 00:01:26]} d4
{[%clk 00:23:49]} {[%emt 00:09:23]} 25. Bf2 {[%clk 00:12:43]} {[%emt 00:00:07]}
Rd8 {[%clk 00:23:48]} {[%emt 00:00:30]} 26. b4 {[%clk 00:10:01]} {[%emt
00:03:13]} Ne7 {[%clk 00:23:42]} {[%emt 00:00:35]} 27. Rfe1 {[%clk 00:06:36]}
{[%emt 00:03:55]} axb4 {[%clk 00:23:15]} {[%emt 00:00:58]} 28. axb4 {[%clk
00:06:53]} {[%emt 00:00:13]} Nd5 {[%clk 00:23:36]} {[%emt 00:00:09]} 29. Reb1
{[%clk 00:05:25]} {[%emt 00:01:58]} g5 {[%clk 00:21:23]} {[%emt 00:02:43]} 30.
fxg5 {[%clk 00:04:59]} {[%emt 00:00:56]} Nxg5 {[%clk 00:21:28]} {[%emt
00:00:25]} 31. Qg2 {[%clk 00:04:07]} {[%emt 00:01:21]} Ne6 {[%clk 00:08:09]}
{[%emt 00:13:50]} 32. Kh1 {[%clk 00:04:27]} {[%emt 00:00:09]} Bh5 {[%clk
00:07:05]} {[%emt 00:01:35]} 33. Ra6 {[%clk 00:03:47]} {[%emt 00:01:10]} f4
{[%clk 00:02:54]} {[%emt 00:04:41]} 34. gxf4+ {[%clk 00:03:18]} {[%emt
00:01:00]} Kh8 {[%clk 00:03:13]} {[%emt 00:00:10]} 35. Qe4 {[%clk 00:03:01]}
{[%emt 00:00:47]} Ng5 {[%clk 00:03:23]} {[%emt 00:00:20]} 36. Qxd4 {[%clk
00:01:03]} {[%emt 00:02:28]} Bf3+ {[%clk 00:03:44]} {[%emt 00:00:09]} 37. Kg1
{[%clk 00:01:33]} {[%emt 00:00:01]} Nh3+ {[%clk 00:04:13]} 38. Kf1 {[%clk
00:02:02]} Bxe2+ {[%clk 00:03:54]} {[%emt 00:00:50]} 39. Bxe2 {[%clk 00:02:12]}
{[%emt 00:00:20]} Qxd4 {[%clk 00:01:39]} {[%emt 00:02:45]} 40. Bxd4+ {[%clk
00:02:35]} {[%emt 00:00:07]} Kg8 {[%clk 00:02:04]} {[%emt 00:00:05]} 41. c3
{[%clk 00:10:02]} {[%emt 00:23:04]} Nhxf4 {[%clk 00:28:35]} {[%emt 00:03:58]}
42. Rxc6 {[%clk 00:08:02]} {[%emt 00:02:29]} Rde8 {[%clk 00:21:27]} {[%emt
00:07:38]} 43. Bxb5 {[%clk 00:05:26]} {[%emt 00:03:06]} Nxc3 {[%clk 00:16:36]}
{[%emt 00:05:20]} 44. Bxc3 {[%clk 00:02:48]} {[%emt 00:03:09]} Nd5+ {[%clk
00:16:45]} {[%emt 00:00:20]} 45. Kg2 {[%clk 00:02:50]} {[%emt 00:00:29]} Nxc3
{[%clk 00:17:02]} {[%emt 00:00:13]} 46. Bc4+ {[%clk 00:03:04]} {[%emt
00:00:15]} Kg7 {[%clk 00:17:08]} {[%emt 00:00:23]} 47. Ra1 {[%clk 00:02:22]}
{[%emt 00:01:13]} Re7 {[%clk 00:17:26]} {[%emt 00:00:11]} 48. Raa6 {[%clk
00:00:53]} {[%emt 00:02:00]} Nd5 {[%clk 00:17:02]} {[%emt 00:00:54]} 49. Rg6+
{[%clk 00:00:45]} {[%emt 00:00:38]} 1-0

[Event "ODJM A 2025"]
[Site "Willingen GER"]
[Date "2025.06.08"]
[Round "2"]
[White "Mehner, Lorenz"]
[Black "Kliashtornyi, Arkadii"]
[Result "0-1"]
[Termination "normal"]
[Board "6"]
[WhiteElo "2001"]
[BlackElo "2194"]
[WhiteClock "00:03:34"]
[BlackClock "00:08:32"]
[PlyCount "99"]
[WhiteFideId "16293096"]
[BlackFideId "34119698"]
[EventCountry "GER"]
[EventRounds "9"]
[EventType "swiss"]
[EventDate "2025.06.07"]

1. d4 {[%clk 01:30:50]} {[%emt 00:00:09]} d5 {[%clk 01:30:51]} {[%emt
00:00:11]} 2. c4 {[%clk 01:31:14]} {[%emt 00:00:06]} e6 {[%clk 01:31:10]}
{[%emt 00:00:10]} 3. Nc3 {[%clk 01:31:39]} {[%emt 00:00:06]} Nf6 {[%clk
01:31:31]} {[%emt 00:00:09]} 4. cxd5 {[%clk 01:32:00]} {[%emt 00:00:08]} exd5
{[%clk 01:31:57]} {[%emt 00:00:04]} 5. Bg5 {[%clk 01:32:19]} {[%emt 00:00:13]}
c6 {[%clk 01:32:18]} {[%emt 00:00:07]} 6. e3 {[%clk 01:32:32]} {[%emt
00:00:17]} h6 {[%clk 01:32:42]} {[%emt 00:00:07]} 7. Bh4 {[%clk 01:32:40]}
{[%emt 00:00:21]} Be7 {[%clk 01:33:06]} {[%emt 00:00:07]} 8. Bd3 {[%clk
01:32:48]} {[%emt 00:00:21]} O-O {[%clk 01:33:27]} {[%emt 00:00:10]} 9. Nge2
{[%clk 01:32:14]} {[%emt 00:01:03]} Ne8 {[%clk 01:31:45]} {[%emt 00:02:11]} 10.
Bg3 {[%clk 01:27:25]} {[%emt 00:05:19]} Nd6 {[%clk 01:29:41]} {[%emt 00:02:34]}
11. O-O {[%clk 01:20:30]} {[%emt 00:07:25]} Be6 {[%clk 01:27:28]} {[%emt
00:02:43]} 12. Nf4 {[%clk 01:07:08]} {[%emt 00:13:52]} Qd7 {[%clk 01:18:39]}
{[%emt 00:09:19]} 13. Re1 {[%clk 01:00:07]} {[%emt 00:07:31]} Bf5 {[%clk
01:12:07]} {[%emt 00:07:02]} 14. f3 {[%clk 00:56:04]} {[%emt 00:04:33]} Bxd3
{[%clk 01:02:39]} {[%emt 00:09:57]} 15. Qxd3 {[%clk 00:46:34]} {[%emt
00:10:01]} Na6 {[%clk 00:58:00]} {[%emt 00:05:09]} 16. e4 {[%clk 00:42:45]}
{[%emt 00:04:19]} dxe4 {[%clk 00:53:51]} {[%emt 00:04:39]} 17. fxe4 {[%clk
00:42:20]} {[%emt 00:00:54]} Nb4 {[%clk 00:48:14]} {[%emt 00:06:09]} 18. Qe2
{[%clk 00:40:24]} {[%emt 00:02:26]} Nb5 {[%clk 00:45:37]} {[%emt 00:03:06]} 19.
Nxb5 {[%clk 00:27:13]} {[%emt 00:13:41]} cxb5 {[%clk 00:46:00]} {[%emt
00:00:07]} 20. Bf2 {[%clk 00:20:55]} {[%emt 00:06:47]} Rac8 {[%clk 00:42:53]}
{[%emt 00:03:37]} 21. Red1 {[%clk 00:12:54]} {[%emt 00:08:31]} Bg5 {[%clk
00:32:45]} {[%emt 00:10:39]} 22. g3 {[%clk 00:06:44]} {[%emt 00:06:41]} Rfe8
{[%clk 00:17:30]} {[%emt 00:15:44]} 23. Rd2 {[%clk 00:06:03]} {[%emt 00:01:10]}
Qc6 {[%clk 00:12:27]} {[%emt 00:05:33]} 24. e5 {[%clk 00:03:38]} {[%emt
00:02:57]} Nd5 {[%clk 00:05:47]} {[%emt 00:07:09]} 25. Qg4 {[%clk 00:02:51]}
{[%emt 00:01:16]} Nxf4 {[%clk 00:03:55]} {[%emt 00:02:23]} 26. gxf4 {[%clk
00:02:54]} {[%emt 00:00:27]} Qe4 {[%clk 00:04:18]} {[%emt 00:00:07]} 27. Re2
{[%clk 00:01:38]} {[%emt 00:01:46]} Qxf4 {[%clk 00:04:11]} {[%emt 00:00:37]}
28. Qxf4 {[%clk 00:01:09]} {[%emt 00:00:59]} Bxf4 {[%clk 00:04:38]} {[%emt
00:00:03]} 29. Bg3 {[%clk 00:00:50]} {[%emt 00:00:49]} Bxg3 {[%clk 00:01:50]}
{[%emt 00:03:18]} 30. hxg3 {[%clk 00:01:18]} {[%emt 00:00:03]} Rcd8 {[%clk
00:01:53]} {[%emt 00:00:26]} 31. Re4 {[%clk 00:01:12]} {[%emt 00:00:35]} f6
{[%clk 00:01:30]} {[%emt 00:00:53]} 32. Rae1 {[%clk 00:01:07]} {[%emt
00:00:35]} fxe5 {[%clk 00:01:21]} {[%emt 00:00:40]} 33. Rxe5 {[%clk 00:00:47]}
{[%emt 00:00:52]} Rxe5 {[%clk 00:01:02]} {[%emt 00:00:48]} 34. Rxe5 {[%clk
00:01:09]} {[%emt 00:00:06]} a6 {[%clk 00:00:47]} {[%emt 00:00:45]} 35. Re4
{[%clk 00:01:14]} {[%emt 00:00:26]} Kf7 {[%clk 00:00:45]} {[%emt 00:00:33]} 36.
Kf2 {[%clk 00:00:57]} {[%emt 00:00:46]} Re8 {[%clk 00:00:43]} {[%emt 00:00:32]}
37. Rf4+ {[%clk 00:00:53]} {[%emt 00:00:34]} Ke6 {[%clk 00:00:45]} {[%emt
00:00:28]} 38. Ke3 {[%clk 00:00:59]} {[%emt 00:00:24]} Rc8 {[%clk 00:00:53]}
{[%emt 00:00:21]} 39. Kd3 {[%clk 00:00:42]} {[%emt 00:00:48]} Rc1 {[%clk
00:01:12]} {[%emt 00:00:10]} 40. Re4+ {[%clk 00:00:41]} {[%emt 00:00:32]} Kd5
{[%clk 00:00:54]} 41. Re7 {[%clk 00:20:27]} {[%emt 00:11:32]} g5 {[%clk
00:24:27]} 42. Rd7+ {[%clk 00:19:50]} {[%emt 00:08:04]} Kc6 {[%clk 00:24:47]}
{[%emt 00:00:09]} 43. Rh7 {[%clk 00:19:33]} {[%emt 00:00:47]} Rg1 {[%clk
00:23:09]} {[%emt 00:02:09]} 44. Ke4 {[%clk 00:19:06]} {[%emt 00:00:58]} Re1+
{[%clk 00:20:50]} {[%emt 00:02:48]} 45. Kd3 {[%clk 00:10:41]} {[%emt 00:08:55]}
Re6 {[%clk 00:19:33]} {[%emt 00:01:47]} 46. a3 {[%clk 00:09:12]} {[%emt
00:02:01]} b6 {[%clk 00:16:16]} {[%emt 00:03:46]} 47. Rh8 {[%clk 00:07:03]}
{[%emt 00:02:38]} Kd6 {[%clk 00:10:19]} {[%emt 00:06:27]} 48. Rh7 {[%clk
00:05:21]} {[%emt 00:02:12]} Kd5 {[%clk 00:08:35]} 49. Rd7+ {[%clk 00:04:30]}
{[%emt 00:03:35]} Rd6 {[%clk 00:08:32]} 50. Re7 {[%clk 00:03:34]} {[%emt
00:01:59]} Rf6 {[%clk 00:08:17]} 51. Rd7+ {[%clk 00:03:27]} {[%emt 00:01:22]}
Ke6 {[%clk 00:07:33]} {[%emt 00:01:14]} 52. Rh7 {[%clk 00:02:26]} {[%emt
00:01:31]} Kf5 {[%clk 00:07:53]} 53. Re7 {[%clk 00:02:26]} Kg4 {[%clk
00:06:35]} {[%emt 00:02:55]} 54. Re3 {[%clk 00:01:53]} {[%emt 00:00:36]} h5
{[%clk 00:05:37]} {[%emt 00:01:28]} 55. d5 {[%clk 00:01:32]} {[%emt 00:00:51]}
h4 {[%clk 00:05:09]} {[%emt 00:00:59]} 56. gxh4 {[%clk 00:01:50]} {[%emt
00:00:12]} gxh4 {[%clk 00:03:58]} {[%emt 00:01:42]} 57. Re6 {[%clk 00:01:34]}
{[%emt 00:00:45]} Kf5 {[%clk 00:03:57]} 58. Re4 {[%clk 00:01:34]} Rh6 {[%clk
00:03:57]} 59. Rd4 {[%clk 00:01:34]} Ke5 {[%clk 00:03:57]} 0-1

[Event "ODJM A 2025"]
[Site "Willingen GER"]
[Date "2025.06.08"]
[Round "2"]
[White "Astner, Sebastian"]
[Black "Vortmeier, Jan"]
[Result "0-1"]
[Termination "normal"]
[Board "7"]
[WhiteElo "1930"]
[BlackElo "2039"]
[WhiteClock "00:47:59"]
[BlackClock "00:15:24"]
[PlyCount "60"]
[WhiteFideId "12979422"]
[BlackFideId "16261321"]
[EventCountry "GER"]
[EventRounds "9"]
[EventType "swiss"]
[EventDate "2025.06.07"]

1. e4 {[%clk 01:30:57]} {[%emt 00:00:04]} e5 {[%clk 01:30:01]} {[%emt
00:00:59]} 2. Nf3 {[%clk 01:31:21]} {[%emt 00:00:14]} Nc6 {[%clk 01:30:25]} 3.
Bc4 {[%clk 01:31:42]} {[%emt 00:00:07]} Nf6 {[%clk 01:30:48]} {[%emt 00:00:06]}
4. d3 {[%clk 01:31:56]} {[%emt 00:00:18]} h6 {[%clk 01:30:39]} {[%emt
00:00:38]} 5. O-O {[%clk 01:31:41]} {[%emt 00:00:45]} d6 {[%clk 01:30:57]}
{[%emt 00:00:12]} 6. c3 {[%clk 01:31:52]} {[%emt 00:00:20]} g5 {[%clk
01:31:20]} {[%emt 00:00:06]} 7. b4 {[%clk 01:30:54]} {[%emt 00:01:28]} Bg7
{[%clk 01:29:10]} {[%emt 00:02:40]} 8. Nbd2 {[%clk 01:29:50]} {[%emt 00:01:35]}
O-O {[%clk 01:26:02]} {[%emt 00:03:37]} 9. Qb3 {[%clk 01:27:37]} {[%emt
00:02:44]} g4 {[%clk 01:03:25]} {[%emt 00:23:06]} 10. Ne1 {[%clk 01:26:28]}
{[%emt 00:01:39]} Ne7 {[%clk 01:02:13]} {[%emt 00:01:42]} 11. f4 {[%clk
01:21:01]} {[%emt 00:05:58]} exf4 {[%clk 01:00:47]} {[%emt 00:01:56]} 12. d4
{[%clk 01:19:42]} {[%emt 00:01:48]} Nh5 {[%clk 00:48:14]} {[%emt 00:13:03]} 13.
Nd3 {[%clk 01:13:02]} {[%emt 00:07:11]} Ng6 {[%clk 00:48:02]} {[%emt 00:00:41]}
14. e5 {[%clk 01:07:47]} {[%emt 00:05:46]} Bf5 {[%clk 00:34:49]} {[%emt
00:13:43]} 15. e6 {[%clk 01:05:15]} {[%emt 00:03:02]} d5 {[%clk 00:32:39]}
{[%emt 00:02:39]} 16. exf7+ {[%clk 01:00:20]} {[%emt 00:05:24]} Kh7 {[%clk
00:33:03]} {[%emt 00:00:06]} 17. Bxd5 {[%clk 01:00:41]} {[%emt 00:00:10]} Bxd3
{[%clk 00:33:26]} {[%emt 00:00:06]} 18. Re1 {[%clk 01:00:51]} {[%emt 00:00:20]}
Qh4 {[%clk 00:29:53]} {[%emt 00:04:03]} 19. Ba3 {[%clk 00:59:57]} {[%emt
00:01:25]} f3 {[%clk 00:29:38]} {[%emt 00:00:45]} 20. Nxf3 {[%clk 00:57:00]}
{[%emt 00:03:27]} gxf3 {[%clk 00:30:02]} {[%emt 00:00:06]} 21. Bxf3 {[%clk
00:57:27]} {[%emt 00:00:04]} Nf6 {[%clk 00:25:16]} {[%emt 00:05:14]} 22. Re3
{[%clk 00:53:58]} {[%emt 00:04:01]} Be4 {[%clk 00:24:53]} {[%emt 00:00:53]} 23.
Rf1 {[%clk 00:52:25]} {[%emt 00:02:01]} Qg5 {[%clk 00:22:25]} {[%emt 00:02:58]}
24. Bc1 {[%clk 00:49:20]} {[%emt 00:03:37]} Bxf3 {[%clk 00:22:48]} {[%emt
00:00:06]} 25. Rexf3 {[%clk 00:49:40]} {[%emt 00:00:10]} Qd5 {[%clk 00:23:12]}
{[%emt 00:00:06]} 26. Qc2 {[%clk 00:49:34]} {[%emt 00:00:37]} Qe4 {[%clk
00:18:21]} {[%emt 00:05:20]} 27. Qb3 {[%clk 00:49:35]} {[%emt 00:00:29]} Qe7
{[%clk 00:15:42]} {[%emt 00:03:08]} 28. Bxh6 {[%clk 00:49:06]} {[%emt
00:01:01]} Qxf7 {[%clk 00:15:12]} {[%emt 00:01:01]} 29. Rxf6 {[%clk 00:47:40]}
{[%emt 00:01:54]} Qxb3 {[%clk 00:15:22]} {[%emt 00:00:20]} 30. Rxf8 {[%clk
00:47:59]} {[%emt 00:00:12]} Rxf8 {[%clk 00:15:24]} {[%emt 00:00:26]} 0-1

[Event "ODJM A 2025"]
[Site "Willingen GER"]
[Date "2025.06.08"]
[Round "2"]
[White "Abou Wally, Adrian"]
[Black "Winkler, Yonathan"]
[Result "0-1"]
[Termination "normal"]
[Board "8"]
[WhiteElo "1947"]
[BlackElo "2201"]
[WhiteClock "00:04:57"]
[BlackClock "00:26:47"]
[PlyCount "54"]
[WhiteFideId "16245113"]
[BlackFideId "16266080"]
[EventCountry "GER"]
[EventRounds "9"]
[EventType "swiss"]
[EventDate "2025.06.07"]

1. e4 {[%clk 01:30:59]} {[%emt 00:00:02]} c5 {[%clk 01:30:54]} {[%emt
00:00:06]} 2. Nf3 {[%clk 01:31:22]} {[%emt 00:00:13]} e6 {[%clk 01:31:14]}
{[%emt 00:00:04]} 3. d4 {[%clk 01:31:47]} {[%emt 00:00:06]} cxd4 {[%clk
01:31:35]} {[%emt 00:00:06]} 4. Nxd4 {[%clk 01:32:14]} {[%emt 00:00:05]} a6
{[%clk 01:31:53]} {[%emt 00:00:12]} 5. Nc3 {[%clk 01:32:37]} {[%emt 00:00:06]}
b5 {[%clk 01:32:17]} {[%emt 00:00:06]} 6. Bd3 {[%clk 01:32:57]} {[%emt
00:00:11]} Bb7 {[%clk 01:32:26]} {[%emt 00:00:21]} 7. O-O {[%clk 01:33:20]}
{[%emt 00:00:07]} Nc6 {[%clk 01:31:40]} {[%emt 00:01:16]} 8. Nxc6 {[%clk
01:33:05]} {[%emt 00:00:45]} Bxc6 {[%clk 01:32:01]} {[%emt 00:00:08]} 9. Re1
{[%clk 01:31:14]} {[%emt 00:02:22]} Ne7 {[%clk 01:27:18]} {[%emt 00:05:12]} 10.
a4 {[%clk 01:23:08]} {[%emt 00:08:37]} b4 {[%clk 01:25:50]} {[%emt 00:01:58]}
11. Na2 {[%clk 01:21:03]} {[%emt 00:02:35]} Ng6 {[%clk 01:25:22]} {[%emt
00:00:57]} 12. c3 {[%clk 01:19:37]} {[%emt 00:01:57]} a5 {[%clk 01:16:46]}
{[%emt 00:09:06]} 13. b3 {[%clk 00:58:13]} {[%emt 00:21:54]} bxc3 {[%clk
01:13:04]} {[%emt 00:04:11]} 14. Nxc3 {[%clk 00:57:52]} {[%emt 00:00:52]} Bb4
{[%clk 01:13:26]} {[%emt 00:00:07]} 15. Bd2 {[%clk 00:56:21]} {[%emt 00:02:03]}
O-O {[%clk 01:11:23]} {[%emt 00:02:31]} 16. Nb5 {[%clk 00:52:51]} {[%emt
00:04:01]} Bc5 {[%clk 00:57:47]} {[%emt 00:14:06]} 17. Rc1 {[%clk 00:39:11]}
{[%emt 00:14:09]} Qe7 {[%clk 00:51:51]} {[%emt 00:06:25]} 18. Be3 {[%clk
00:29:44]} {[%emt 00:09:58]} Bb4 {[%clk 00:49:59]} {[%emt 00:02:22]} 19. Bd2
{[%clk 00:29:28]} {[%emt 00:00:47]} Ne5 {[%clk 00:48:54]} {[%emt 00:01:35]} 20.
Bf1 {[%clk 00:25:46]} {[%emt 00:04:11]} f5 {[%clk 00:47:04]} {[%emt 00:02:20]}
21. Bxb4 {[%clk 00:22:00]} {[%emt 00:04:17]} Qxb4 {[%clk 00:37:57]} {[%emt
00:09:37]} 22. exf5 {[%clk 00:15:01]} {[%emt 00:07:30]} Rxf5 {[%clk 00:28:05]}
{[%emt 00:10:20]} 23. Qd4 {[%clk 00:13:02]} {[%emt 00:02:29]} Nf3+ {[%clk
00:26:37]} {[%emt 00:01:59]} 24. gxf3 {[%clk 00:12:06]} {[%emt 00:01:26]} Rg5+
{[%clk 00:26:22]} {[%emt 00:00:45]} 25. Bg2 {[%clk 00:12:07]} {[%emt 00:00:29]}
Bxf3 {[%clk 00:26:00]} {[%emt 00:00:51]} 26. Qxd7 {[%clk 00:04:36]} {[%emt
00:08:01]} Rxg2+ {[%clk 00:26:23]} {[%emt 00:00:07]} 27. Kf1 {[%clk 00:04:57]}
{[%emt 00:00:10]} Rg1+ {[%clk 00:26:47]} {[%emt 00:00:05]} 0-1